00822nam a22002297a 4500003000900000008004100009040007100050082001800121100002200139245003800161260003100199300002800230505015000258650001700408650001700425650001600442650001500458700001600473700001800489700003800507700004700545AR-CdUCM190513b ||||| |||| 00| 0 spa d aMUNICIPALIDAD PROVINCIAL DEL CUSCOcBIBLIOTECA MUNICIPAL DEL CUSCO a307.73 /bM13 aMacKenzie, Norman aGuía de las ciencias sociales / aBarcelona :bLabor,c1971. a281 páginas ;c23 cm. aContenido: Las ciencias sociales -- Historia y sociedad -- Antropología -- Sociología -- Economía -- El gobierno -- Psicología social ... aSociología aPsicología aIdeología aPolítica aBriggs, Asa aBailey, F. G. aBlondel, Jean ... (colaboradores) aFomperosa Aparicio, Jesús (traducción)